|
|
|
|
| LEADER |
00677nab a2200193 i 4500 |
| 001 |
misc11129 |
| 005 |
20191106142050.0 |
| 008 |
170607s1938 hu o 0|| hun d |
| 022 |
|
|
|a 0025-0260
|
| 040 |
|
|
|a SZTE Miscellanea Repozitórium
|b hun
|
| 041 |
|
|
|a hun
|
| 100 |
1 |
|
|a Kemény Ferenc
|
| 245 |
1 |
0 |
|a Vegyes
|h [elektronikus dokumentum] /
|c Kemény Ferenc
|
| 260 |
|
|
|c 1938
|
| 300 |
|
|
|a 179-182
|
| 490 |
0 |
|
|a Magyar pedagógia : a Magyar Tudományos Akadémia Pedagógiai Bizottságának folyóirata
|v 47
|
| 695 |
|
|
|a Pszichológia család, Nevelésügy USA 1937
|
| 700 |
0 |
1 |
|a Láczer István
|e aut
|
| 856 |
4 |
0 |
|u http://misc.bibl.u-szeged.hu/11129/1/mp_1938_179-182.pdf
|z Dokumentum-elérés
|